Unmaking Imperial Russia : Mykhailo Hrushevsky and the writing of Ukrainian history /

Saved in:
Bibliographic Details
Main Author: Plokhy, Serhii, 1957-
Format: Book
Language:English
Published: Toronto ; Buffalo : University of Toronto Press, c2005.
Subjects:
Tags: Add Tag
No Tags, Be the first to tag this record!
LEADER 01204cam a2200349 a 4500
001 009800159-0
005 20060124154825.0
008 050725s2005 oncbc b 001 0beng
010 |a  2005278322 
016 |a 20049042815 
020 |a 0802039375 (alk. paper) 
035 0 |a ocm56011834 
040 |a NLC  |b eng  |c NLC  |d DLC  |d C#P  |d BAKER 
042 |a lccopycat 
043 |a e-un--- 
050 0 0 |a DK508.47.H7  |b P56 2005 
055 0 2 |a DK508.47* 
055 3 |a DK508.47 H78  |b P56 2005 
055 0 0 |a DK508 .47 H7  |b P56 2005 
082 0 4 |a 947.7/0072/02  |2 22 
100 1 |a Plokhy, Serhii,  |d 1957- 
245 1 0 |a Unmaking Imperial Russia :  |b Mykhailo Hrushevsky and the writing of Ukrainian history /  |c Serhii Plokhy. 
246 3 0 |a Mykhailo Hrushevsky and the writing of Ukrainian history 
260 |a Toronto ;  |a Buffalo :  |b University of Toronto Press,  |c c2005. 
300 |a xii, 614 p. :  |b maps, port. ;  |c 24 cm. 
504 |a Includes bibliographical references (p. [547]-588) and index. 
600 1 0 |a Hrushevsʹkyĭ, Mykhaĭlo,  |d 1866-1934. 
650 0 |a Historians  |z Ukraine  |v Biography. 
650 0 |a Statesmen  |z Ukraine  |v Biography. 
651 0 |a Ukraine  |x Historiography. 
988 |a 20051110 
906 |0 OCLC